| 000 | 00902na a2200277 4500 | ||
|---|---|---|---|
| 001 | 24052 | ||
| 003 | MIRAKIL | ||
| 005 | 20181213155328.0 | ||
| 008 | 180306b tu 000 0 | ||
| 020 | _a9755332278 | ||
| 040 |
_aMilas _btur _cTR-AnCHP |
||
| 041 | _atur | ||
| 082 |
_a324.2561 _bE66d 1970 |
||
| 090 | _a324.2561 E66d 1970 | ||
| 100 | _aEroğul, Cem | ||
| 245 |
_aDemokrat Parti _bTarihi ve ideolojisi _cCem Eroğul |
||
| 246 | _aTarihi ve ideolojisi | ||
| 260 |
_aAnkara _bAnkara Üniversitesi Siyasal Bilgiler Fakültesi Yayınları _c1970 _fSevinç Matbaası |
||
| 300 |
_a228 s. _c24 sm. |
||
| 504 | _aKaynakça var. | ||
| 610 |
_aDemokrat Parti (DP) _xPropaganda ve ideolojiler |
||
| 610 |
_aDemokrat Parti (DP) _xTarih |
||
| 650 |
_aSiyasal partiler _xDemokrat Parti _yTarih |
||
| 650 |
_aSiyaset ve yönetim _xSiyasal partiler _yDemokrat Parti _zTürkiye |
||
| 942 |
_2ddc _cBKS |
||
| 999 |
_c10616 _d10616 |
||